[Event "IIFL Wealth  4th Mumbai Junior U-13"]
[Site "Mumbai"]
[Date "2019.01.06"]
[Round "8"]
[White "Bhagyashree Patil"]
[Black "Bajaj Prakhar"]
[Result "0-1"]
[WhiteElo "1758"]
[BlackElo "1551"]
[Annotator "NA"]
[PlyCount "98"]
[EventDate "2018.12.30"]
[EventType "swiss"]
[EventCountry "IND"]
[SourceTitle "playchess.com"]
[Source "ChessBase"]
[SourceQuality "1"]
[TimeControl "40/5400+30:1800+30"]

1. e4 {[%emt 0:00:00]} c5 {[%emt 0:00:00]} 2. Nf3 {[%emt 0:00:00]} e6 {[%emt 0:00:00]} 3. d4 {[%emt 0:00:32]} cxd4 {[%emt 0:00:00]} 4. Nxd4 {[%emt 0:00:02]} a6 {[%emt 0:00:00]} 5. Be3 {[%emt 0:08:36]} Nf6 {[%emt 0:00:00]} 6. Nd2 {[%emt 0:04:19]} Qc7 {[%emt 0:00:00]} 7. Be2 {[%emt 0:02:55]} d5 {[%emt 0:00:30]} 8. Bd3 {[%emt 0:13:21]} e5 {[%emt 0:04:56]} 9. N4b3 {[%emt 0:06:53]} dxe4 {[%emt 0:00:47]} 10. Nxe4 {[%emt 0:00:24]} Nxe4 {[%emt 0:00:05]} 11. Bxe4 {[%emt 0:00:03]} f5 {[%emt 0:00:08]} 12. Bd5 {[%emt 0:01:33]} Nd7 {[%emt 0:02:26]} 13. O-O {[%emt 0:06:22]} Nf6 {[%emt 0:01:18]} 14. Re1 {[%emt 0:01:59]} Bd6 {[%emt 0:06:20]} 15. c4 {[%emt 0:08:22]} Bb4 {[%emt 0:22:05]} 16. Re2 {[%emt 0:02:59]} Bd7 {[%emt 0:01:32]} 17. Bf4 {[%emt 0:02:03]} Ng4 {[%emt 0:02:09]} 18. Bxe5 {[%emt 0:11:23]} Nxe5 {[%emt 0:00:08]} 19. f4 {[%emt 0:00:03]} O-O-O {[%emt 0:03:06]} 20. fxe5 {[%emt 0:00:17]} Rhe8 {[%emt 0:02:18]} 21. Qd4 {[%emt 0:04:14]} Kb8 {[%emt 0:04:03]} 22. Kh1 {[%emt 0:03:19]} Be6 {[%emt 0:01:46]} 23. Qf4 {[%emt 0:06:18]} g6 {[%emt 0:12:33]} 24. a3 {[%emt 0:03:57]} Bf8 {[%emt 0:01:20]} 25. Bxe6 {[%emt 0:00:25]} Rxe6 {[%emt 0:00:02]} 26. Nd4 {[%emt 0:00:58]} Ree8 {[%emt 0:00:11]} 27. Nf3 {[%emt 0:00:27]} Bg7 {[%emt 0:00:45]} 28. b4 {[%emt 0:00:12]} Re6 {[%emt 0:02:21]} 29. Rae1 {[%emt 0:01:07]} Rde8 {[%emt 0:00:09]} 30. h3 h6 {[%emt 0:01:00]} 31. c5 {[%emt 0:02:00]} Qf7 {[%emt 0:01:07]} 32. a4 {[%emt 0:04:19]} g5 {[%emt 0:00:52]} 33. Qd4 {[%emt 0:01:31]} Qh5 {[%emt 0:04:24]} 34. b5 {[%emt 0:01:07]} g4 {[%emt 0:00:32]} 35. Ng1 {[%emt 0:00:04]} gxh3 {[%emt 0:09:48]} 36. Nxh3 {[%emt 0:00:23]} f4 {[%emt 0:00:14]} 37. bxa6 {[%emt 0:02:47]} f3 {[%emt 0:00:29]} 38. Qd5 {[%emt 0:02:15]} fxg2+ {[%emt 0:01:35]} 39. Rxg2 {[%emt 0:00:01]} R8e7 {[%emt 0:02:12]} 40. axb7 {[%emt 0:00:00]} Re8 {[%emt 0:00:00]} 41. Rxg7 {[%emt 0:07:10]} Qxh3+ {[%emt 0:15:26]} 42. Kg1 {[%emt 0:00:05]} Qc3 {[%emt 0:00:12]} 43. Rb1 {[%emt 0:04:32]} Qe3+ {[%emt 0:00:17]} 44. Kg2 {[%emt 0:00:14]} Qe2+ {[%emt 0:02:02]} 45. Kh1 {[%emt 0:01:12]} Qh5+ {[%emt 0:00:38]} 46. Kg1 {[%emt 0:01:01]} Rg6+ {[%emt 0:00:24]} 47. Rxg6 {[%emt 0:00:50]} Qxg6+ {[%emt 0:00:01]} 48. Kf2 {[%emt 0:00:06]} Qxb1 {[%emt 0:05:06]} 49. c6 {[%emt 0:00:04]} Qb2+ {[%emt 0:00:16]} 0-1

[Event "IIFL Wealth  4th Mumbai Junior U-13"]
[Site "Mumbai"]
[Date "2019.01.06"]
[Round "8"]
[White "Arhan Chethan Anand"]
[Black "Vaval Aaditi"]
[Result "1/2-1/2"]
[WhiteElo "1710"]
[BlackElo "1367"]
[Annotator "NA RC"]
[PlyCount "80"]
[EventDate "2018.12.30"]
[EventType "swiss"]
[EventCountry "IND"]
[SourceTitle "playchess.com"]
[Source "ChessBase"]
[SourceQuality "1"]
[TimeControl "40/5400+30:1800+30"]

1. d4 {[%emt 0:00:00]} d5 {[%emt 0:00:00]} 2. c4 {[%emt 0:00:00]} e6 {[%emt 0:00:00]} 3. Nc3 {[%emt 0:00:00]} c5 {[%emt 0:00:00]} 4. cxd5 {[%emt 0:00:06]} exd5 {[%emt 0:00:00]} 5. Nf3 {[%emt 0:00:10]} Nc6 {[%emt 0:00:00]} 6. g3 {[%emt 0:00:19]} Nf6 {[%emt 0:00:21]} 7. Bg2 {[%emt 0:00:17]} Be7 {[%emt 0:00:26]} 8. O-O {[%emt 0:00:33]} O-O {[%emt 0:00:17]} 9. dxc5 {[%emt 0:01:28]} Bxc5 {[%emt 0:07:26]} 10. a3 {[%emt 0:03:25]} Be7 {[%emt 0:08:56]} 11. b4 {[%emt 0:03:00]} a6 {[%emt 0:01:28]} 12. Bb2 {[%emt 0:02:29]} Be6 {[%emt 0:01:00]} 13. Rc1 {[%emt 0:07:00]} Rc8 {[%emt 0:03:04]} 14. Nd4 {[%emt 0:06:13]} Qd7 {[%emt 0:11:40]} 15. Nxe6 {[%emt 0:10:57]} fxe6 {[%emt 0:03:18]} 16. Na4 {[%emt 0:05:10]} Rc7 {[%emt 0:11:03]} 17. Bh3 {[%emt 0:05:20]} Ne4 {[%emt 0:03:01]} 18. f3 {[%emt 0:02:46]} Ng5 {[%emt 0:01:02]} 19. Bg2 {[%emt 0:05:28]} b5 {[%emt 0:12:55]} 20. Nc5 {[%emt 0:03:57]} Bxc5+ {[%emt 0:00:42]} 21. Rxc5 {[%emt 0:00:02]} Nf7 {[%emt 0:02:45]} 22. Qc2 {[%emt 0:03:36]} Nd6 {[%emt 0:06:32]} 23. Be5 {[%emt 0:11:13]} Rcc8 {[%emt 0:01:55]} 24. Bxd6 {[%emt 0:00:33]} Qxd6 {[%emt 0:00:01]} 25. Rd1 {[%emt 0:06:17]} Ne7 {[%emt 0:03:47]} 26. Bh3 {[%emt 0:05:56]} Rxc5 {[%emt 0:01:29]} 27. Qxc5 {[%emt 0:00:56]} Qxc5+ {[%emt 0:00:41]} 28. bxc5 {[%emt 0:00:02]} Kf7 {[%emt 0:00:09]} 29. e4 {[%emt 0:00:12]} dxe4 {[%emt 0:00:42]} 30. fxe4 {[%emt 0:00:01]} Rc8 {[%emt 0:01:12]} 31. Rd6 {[%emt 0:00:32]} Rc6 {[%emt 0:00:30]} 32. Bxe6+ {[%emt 0:00:03]} Kf6 {[%emt 0:00:57]} 33. Bd7+ {[%emt 0:03:34]} Rxd6 {[%emt 0:00:21]} 34. cxd6 {[%emt 0:00:01]} Ng6 {[%emt 0:00:20]} 35. Bc8 {[%emt 0:04:23]} a5 {[%emt 0:00:13]} 36. Ba6 {[%emt 0:01:14]} b4 {[%emt 0:03:38]} 37. axb4 {[%emt 0:00:21]} axb4 {[%emt 0:00:01]} 38. Bc4 {[%emt 0:00:01]} Ne5 {[%emt 0:00:09]} 39. Bd5 {[%emt 0:01:02]} Nd7 {[%emt 0:02:26]} 40. Kf2 {[%emt 0:00:00]} Ke5 {[%emt 0:00:00]} 1/2-1/2

[Event "IIFL Wealth  4th Mumbai Junior U-13"]
[Site "Mumbai"]
[Date "2019.01.06"]
[Round "8"]
[White "Pawar, Harshit"]
[Black "Srihari L R"]
[Result "0-1"]
[WhiteElo "1671"]
[BlackElo "2253"]
[Annotator "TA"]
[PlyCount "116"]
[EventDate "2018.12.30"]
[EventType "swiss"]
[EventCountry "IND"]
[SourceTitle "playchess.com"]
[Source "ChessBase"]
[SourceQuality "1"]

{[%evp 17,116,58,54,22,21,18,73,64,70,62,65,72,85,99,75,60,68,60,69,59,53,23,41,34,39,-54,-59,-104,-102,-148,-143,-139,-122,-187,-205,-326,-324,-340,-321,-328,-343,-370,-327,-455,-455,-438,-410,-569,-516,-510,-504,-511,-518,-511,-511,-511,-509,-569,-458,-512,-496,-521,-516,-604,-420,-1393,-1329,-2369,-2370,-2111,-2054,-6295,-6295,-29971,-29965,-5481,-2332,-29989,-859,-29983,-29984,-29984,-29985,-29985,-29986,-29988,-29989,-29990,-29991,-29992,-29990,-29990,-29991,-29992,-29993,-29993,-29994,-29994,-29995,-29996,-29997]} 1. e4 g6 2. d4 Bg7 3. Nf3 d6 4. c3 Nd7 5. Bd3 c6 6. O-O {B06: Modern Defence} Qc7 7. Be3 (7. a4 e5 8. dxe5 dxe5 9. Be3 Ngf6 10. h3 O-O 11. Qe2 Nh5 12. Nbd2 Nf4 13. Bxf4 exf4 {0-1 (39) Mischuk,D (2390)-Bortnyk,O (2600) Omelnyk 2017}) 7... Ngf6 8. h3 O-O 9. Nbd2 e5 {LiveBook: 4 Games} 10. Qc2 Re8 11. dxe5 dxe5 (11... Nxe5 $11 {keeps the balance.} 12. Nxe5 dxe5) 12. b4 b6 $146 ({Predecessor:} 12... Nf8 13. a4 Nh5 14. Rfd1 Nf4 15. Bf1 {1-0 (69) Deviatkin,A (2410)-Markosian,D (2428) Tula 2000}) 13. a4 c5 14. Qb3 Rb8 15. Bc4 Nf8 16. Ng5 {[%cal Rc4f7]} Ne6 17. Nxe6 Bxe6 18. Bxe6 Rxe6 19. Qc4 Rc6 20. b5 Rd6 21. f4 (21. a5 $14) 21... Bh6 $15 22. Nf3 exf4 ({Avoid the trap} 22... Bxf4 $2 23. Bxf4 exf4 24. e5 $18) 23. e5 {[%mdl 64] [#] Double Attack} fxe3 24. exd6 Qxd6 25. Rad1 (25. Nh2 $17 {keeps fighting.}) 25... Qe7 $19 {And now ...e2 would win.} 26. Rfe1 (26. Qh4 {is the only way for White.}) 26... Re8 27. Qh4 Kg7 28. Re2 Qe6 29. Rde1 Qd5 30. c4 Qd3 31. Nh2 Re4 {[%mdl 64] Double Attack} 32. Ng4 Nxg4 33. hxg4 Qxc4 34. Rf1 Bf4 ({Worse is} 34... Qxe2 35. Qf6+ Kg8 36. Qxf7+ Kh8 37. Qf6+ Bg7 38. Qd8+ Re8 39. Qxe8+ Bf8 40. Qxf8#) 35. Qe1 Be5 36. Rf3 Bd4 37. g5 Qe6 38. Qf1 Rg4 39. Rh3 Rxg5 {Threatens to win with ...Qxh3.} 40. Qf4 Qf5 41. Qh4 (41. Qxf5 $142 Rxf5 42. g3) 41... Rh5 42. Qg3 Rxh3 43. gxh3 {[%mdl 4096] Endgame KQR-KQB} Qd3 44. Qe1 c4 45. Kf1 c3 46. Qc1 Kf6 (46... Qe4 $142 47. Kg1 f5) 47. h4 h5 (47... Qe4 $142 48. Rxe3 Qh1+ 49. Ke2 Qxc1 50. Rf3+ Ke5 51. Rxf7 Qd2+ 52. Kf1 Bc5 53. h5 c2 54. Re7+ Bxe7 55. hxg6 c1=Q#) 48. Qc2 Qxc2 {Black mates.} 49. Rxc2 {KR-KB} Ke5 50. Ke2 Ke4 51. Rc1 f5 {[%cal Bf7f5,Bf5f4][%mdl 32]} 52. Rf1 f4 53. a5 bxa5 54. b6 axb6 55. Rf3 c2 56. Rf1 {[#]} f3+ $1 {[%mdl 64] Deflection} 57. Rxf3 c1=Q 58. Rxe3+ Qxe3+ {Accuracy: White = 34%, Black = 74%.} 0-1

[Event "IIFL Wealth  4th Mumbai Junior U-13"]
[Site "Mumbai"]
[Date "2019.01.06"]
[Round "8"]
[White "Shreyas Ghadi"]
[Black "Adireddy Arjun"]
[Result "1/2-1/2"]
[WhiteElo "1653"]
[BlackElo "1468"]
[Annotator "NA"]
[PlyCount "82"]
[EventDate "2018.12.30"]
[EventType "swiss"]
[EventCountry "IND"]
[SourceTitle "playchess.com"]
[Source "ChessBase"]
[SourceQuality "1"]
[TimeControl "40/5400+30:1800+30"]

1. d4 {[%emt 0:00:00]} d5 {[%emt 0:00:07]} 2. c4 {[%emt 0:01:31]} c6 {[%emt 0:00:13]} 3. Nc3 {[%emt 0:00:32]} Nf6 {[%emt 0:00:16]} 4. Nf3 {[%emt 0:00:48]} dxc4 {[%emt 0:00:40]} 5. a4 {[%emt 0:00:09]} Bf5 {[%emt 0:00:07]} 6. e3 {[%emt 0:00:27]} e6 {[%emt 0:00:18]} 7. Bxc4 {[%emt 0:00:11]} Bb4 {[%emt 0:00:10]} 8. Bd3 {[%emt 0:07:19]} Bg6 {[%emt 0:05:07]} 9. O-O {[%emt 0:01:23]} Nbd7 {[%emt 0:00:17]} 10. Qc2 {[%emt 0:00:42]} O-O {[%emt 0:00:19]} 11. Rd1 {[%emt 0:27:01]} Qe7 {[%emt 0:01:47]} 12. Bxg6 {[%emt 0:11:14]} hxg6 {[%emt 0:00:14]} 13. Bd2 {[%emt 0:00:17]} e5 {[%emt 0:02:27]} 14. dxe5 {[%emt 0:00:34]} Nxe5 {[%emt 0:00:08]} 15. Nxe5 {[%emt 0:00:04]} Qxe5 {[%emt 0:00:08]} 16. Ne2 {[%emt 0:01:11]} Bxd2 {[%emt 0:00:43]} 17. Rxd2 {[%emt 0:03:30]} Rad8 {[%emt 0:04:16]} 18. Rad1 {[%emt 0:01:05]} Rxd2 {[%emt 0:00:42]} 19. Qxd2 {[%emt 0:02:25]} Nd5 {[%emt 0:06:15]} 20. Qd4 {[%emt 0:01:59]} Re8 {[%emt 0:04:54]} 21. Rd2 {[%emt 0:02:31]} Qxd4 {[%emt 0:02:53]} 22. Rxd4 {[%emt 0:00:05]} f5 {[%emt 0:00:09]} 23. Kf1 {[%emt 0:01:03]} Re7 {[%emt 0:03:40]} 24. Ke1 {[%emt 0:00:41]} Kf7 {[%emt 0:00:26]} 25. Kd2 {[%emt 0:02:14]} Ke6 {[%emt 0:00:45]} 26. e4 {[%emt 0:02:37]} Nf6 {[%emt 0:02:08]} 27. exf5+ {[%emt 0:09:22]} gxf5 {[%emt 0:04:16]} 28. Nf4+ {[%emt 0:00:58]} Ke5 {[%emt 0:00:26]} 29. Ng6+ {[%emt 0:00:05]} Kxd4 {[%emt 0:00:09]} 30. Nxe7 {[%emt 0:00:04]} Ne4+ {[%emt 0:01:27]} 31. Kc2 {[%emt 0:07:04]} Nxf2 {[%emt 0:01:26]} 32. Nxf5+ {[%emt 0:00:11]} Ke5 {[%emt 0:00:04]} 33. Ne3 {[%emt 0:02:09]} Ne4 {[%emt 0:00:20]} 34. b3 {[%emt 0:01:58]} b5 {[%emt 0:01:26]} 35. axb5 {[%emt 0:03:38]} cxb5 {[%emt 0:01:29]} 36. b4 {[%emt 0:00:04]} g6 {[%emt 0:01:05]} 37. Kd3 {[%emt 0:00:40]} Nf2+ {[%emt 0:00:16]} 38. Ke2 {[%emt 0:00:33]} Ne4 {[%emt 0:00:06]} 39. Kd3 {[%emt 0:00:04]} Nf2+ {[%emt 0:00:05]} 40. Ke2 {[%emt 0:00:00]} Ne4 {[%emt 0:00:00]} 41. Kd3 {[%emt 0:00:27]} Nf2+ {[%emt 0:00:11] Ke4+} 1/2-1/2

[Event "IIFL Wealth  4th Mumbai Junior U-13"]
[Site "Mumbai"]
[Date "2019.01.06"]
[Round "8"]
[White "Mahajan Ayush"]
[Black "Nanal Arnav"]
[Result "0-1"]
[WhiteElo "1629"]
[BlackElo "1456"]
[Annotator "NA"]
[PlyCount "153"]
[EventDate "2018.12.30"]
[EventType "swiss"]
[EventCountry "IND"]
[SourceTitle "playchess.com"]
[Source "ChessBase"]
[SourceQuality "1"]
[TimeControl "40/5400+30:1800+30"]

1. e4 {[%emt 0:00:00]} c6 {[%emt 0:04:45]} 2. Nf3 {[%emt 0:00:54]} d5 {[%emt 0:00:10]} 3. Nc3 {[%emt 0:01:00]} Nf6 {[%emt 0:00:07]} 4. e5 {[%emt 0:00:36]} Ne4 {[%emt 0:00:07]} 5. d4 {[%emt 0:00:34]} Nxc3 {[%emt 0:00:38]} 6. bxc3 {[%emt 0:00:23]} Bf5 {[%emt 0:00:29]} 7. Bd3 {[%emt 0:04:58]} Bxd3 {[%emt 0:01:39]} 8. Qxd3 {[%emt 0:00:34]} e6 {[%emt 0:00:53]} 9. O-O {[%emt 0:00:28]} Be7 {[%emt 0:00:41]} 10. Rb1 {[%emt 0:00:38]} b6 {[%emt 0:03:25]} 11. Re1 {[%emt 0:01:50]} O-O {[%emt 0:00:54]} 12. Re3 {[%emt 0:05:08]} Nd7 {[%emt 0:02:18]} 13. h4 {[%emt 0:00:58]} Bxh4 {[%emt 0:10:01]} 14. Nxh4 {[%emt 0:21:01]} Qxh4 {[%emt 0:00:01]} 15. Ba3 {[%emt 0:00:17]} Rfe8 {[%emt 0:04:08]} 16. Rbe1 {[%emt 0:01:33]} Qh5 {[%emt 0:05:32]} 17. Rh3 {[%emt 0:09:29]} Qf5 {[%emt 0:04:17]} 18. Qd2 {[%emt 0:00:50]} f6 {[%emt 0:06:57]} 19. Bd6 {[%emt 0:09:07]} fxe5 {[%emt 0:04:58]} 20. Rf3 {[%emt 0:10:59]} Qh5 {[%emt 0:04:43]} 21. dxe5 {[%emt 0:22:04]} Nc5 {[%emt 0:02:12]} 22. Qf4 {[%emt 0:00:22]} Ne4 {[%emt 0:01:26]} 23. Rxe4 {[%emt 0:00:16]} dxe4 {[%emt 0:00:29]} 24. Qxe4 {[%emt 0:00:02]} Qg6 {[%emt 0:03:53]} 25. Qxg6 {[%emt 0:03:50]} hxg6 {[%emt 0:00:07]} 26. Kh2 {[%emt 0:00:09]} Rad8 {[%emt 0:01:11]} 27. Kg3 {[%emt 0:00:29]} Rd7 {[%emt 0:00:14]} 28. Rf4 {[%emt 0:00:51]} Rf7 {[%emt 0:00:59]} 29. Rg4 {[%emt 0:00:07]} Rf5 {[%emt 0:08:14]} 30. Ra4 {[%emt 0:00:35]} Ra8 {[%emt 0:02:56]} 31. f3 {[%emt 0:00:39]} Rh5 {[%emt 0:04:26]} 32. c4 {[%emt 0:03:36]} a6 {[%emt 0:01:12]} 33. Ra3 {[%emt 0:00:11]} Rh1 {[%emt 0:00:42]} 34. Rb3 {[%emt 0:00:22]} b5 {[%emt 0:00:16]} 35. Rc3 {[%emt 0:00:16]} Rc1 {[%emt 0:01:00]} 36. a3 {[%emt 0:00:24]} Rc8 {[%emt 0:00:43]} 37. f4 {[%emt 0:01:40]} c5 {[%emt 0:02:20]} 38. cxb5 {[%emt 0:01:00]} axb5 {[%emt 0:00:03]} 39. Rxc5 {[%emt 0:00:12]} Rxc5 {[%emt 0:00:05]} 40. Bxc5 {[%emt 0:00:00]} Rxc2 {[%emt 0:00:00]} 41. Bd6 {[%emt 0:00:05]} Kf7 {[%emt 0:00:45]} 42. Kf3 {[%emt 0:01:20]} g5 {[%emt 0:00:45]} 43. g3 {[%emt 0:02:34]} gxf4 {[%emt 0:00:38]} 44. Kxf4 {[%emt 0:00:15]} Kg6 {[%emt 0:00:21]} 45. g4 {[%emt 0:00:07]} Rc3 {[%emt 0:01:44]} 46. Be7 {[%emt 0:02:12]} Rc7 {[%emt 0:00:14]} 47. Bd6 {[%emt 0:00:24]} Rf7+ {[%emt 0:00:03]} 48. Kg3 {[%emt 0:00:09]} Kg5 {[%emt 0:00:05]} 49. Bb4 {[%emt 0:00:46]} Rc7 {[%emt 0:00:30]} 50. Bd2+ {[%emt 0:00:49]} Kg6 {[%emt 0:00:02]} 51. Bb4 {[%emt 0:00:09]} Rc4 {[%emt 0:01:15]} 52. Bd6 {[%emt 0:00:11]} Kf7 {[%emt 0:02:33]} 53. Kh4 {[%emt 0:01:16]} g6 {[%emt 0:02:36]} 54. Kg5 {[%emt 0:03:56]} Re4 {[%emt 0:00:20]} 55. Bb8 {[%emt 0:05:28]} Rd4 {[%emt 0:00:12]} 56. Ba7 {[%emt 0:03:04]} Rd3 {[%emt 0:01:03]} 57. Bc5 {[%emt 0:00:21]} Rd5 {[%emt 0:00:03]} 58. Bd6 {[%emt 0:02:20]} Rxd6 {[%emt 0:02:00]} 59. exd6 {[%emt 0:00:06]} e5 {[%emt 0:00:02]} 60. d7 {[%emt 0:00:07]} Ke7 {[%emt 0:00:03]} 61. Kxg6 {[%emt 0:00:04]} e4 {[%emt 0:00:52]} 62. Kh7 {[%emt 0:02:01]} e3 {[%emt 0:00:06]} 63. g5 {[%emt 0:00:02]} e2 {[%emt 0:00:03]} 64. g6 {[%emt 0:00:03]} e1=Q {[%emt 0:00:05]} 65. g7 {[%emt 0:00:17]} Qh4+ {[%emt 0:00:08]} 66. Kg6 {[%emt 0:00:04]} Qf6+ {[%emt 0:00:12]} 67. Kh7 {[%emt 0:00:03]} Qf7 {[%emt 0:00:04]} 68. Kh8 {[%emt 0:00:37]} Qh5+ {[%emt 0:00:07]} 69. Kg8 {[%emt 0:00:03]} Qh6 {[%emt 0:00:17]} 70. d8=Q+ Kxd8 {[%emt 0:00:08]} 71. Kf7 {[%emt 0:00:53]} Qh7 {[%emt 0:00:03]} 72. Kf8 {[%emt 0:00:11]} Qf5+ {[%emt 0:00:09]} 73. Kg8 {[%emt 0:00:04]} Ke7 {[%emt 0:00:09]} 74. Kh8 {[%emt 0:00:12]} Qh5+ {[%emt 0:00:13]} 75. Kg8 {[%emt 0:00:11]} Qg6 {[%emt 0:00:06]} 76. a4 {[%emt 0:00:05]} bxa4 {[%emt 0:00:04]} 77. Kh8 {[%emt 0:00:06]} 0-1

[Event "IIFL Wealth  4th Mumbai Junior U-13"]
[Site "Mumbai"]
[Date "2019.01.06"]
[Round "8"]
[White "Tejes Suresh Kumar"]
[Black "Sairaj Dilip Vernekar"]
[Result "1/2-1/2"]
[WhiteElo "1618"]
[BlackElo "1445"]
[Annotator "NA RC"]
[PlyCount "80"]
[EventDate "2018.12.30"]
[EventType "swiss"]
[EventCountry "IND"]
[SourceTitle "playchess.com"]
[Source "ChessBase"]
[SourceQuality "1"]
[TimeControl "40/5400+30:1800+30"]

1. e4 {[%emt 0:00:00]} c5 {[%emt 0:00:00]} 2. Nf3 {[%emt 0:00:00]} e6 {[%emt 0:00:00]} 3. c3 {[%emt 0:00:00]} Nc6 {[%emt 0:01:04]} 4. d4 {[%emt 0:00:13]} cxd4 {[%emt 0:01:26]} 5. cxd4 {[%emt 0:00:08]} d5 {[%emt 0:00:23]} 6. e5 {[%emt 0:00:18]} Nge7 {[%emt 0:01:44]} 7. Nc3 {[%emt 0:00:31]} Ng6 {[%emt 0:01:38]} 8. h4 {[%emt 0:00:59]} h5 {[%emt 0:10:16]} 9. Bd3 {[%emt 0:01:09]} Nge7 {[%emt 0:04:43]} 10. a3 {[%emt 0:02:28]} Nf5 {[%emt 0:02:25]} 11. Bxf5 {[%emt 0:02:47]} exf5 {[%emt 0:01:26]} 12. Qb3 {[%emt 0:00:18]} Ne7 {[%emt 0:09:21]} 13. Nb5 {[%emt 0:04:28]} Ng6 {[%emt 0:04:21]} 14. Qxd5 {[%emt 0:11:16]} Qxd5 {[%emt 0:13:25]} 15. Nc7+ {[%emt 0:00:06]} Kd8 {[%emt 0:00:15]} 16. Nxd5 {[%emt 0:00:06]} Be6 {[%emt 0:00:04]} 17. Bg5+ {[%emt 0:02:40]} Be7 {[%emt 0:04:30]} 18. Nxe7 {[%emt 0:16:53]} Nxe7 {[%emt 0:02:07]} 19. Rd1 {[%emt 0:00:24]} Bd5 {[%emt 0:04:50]} 20. O-O {[%emt 0:00:53]} Rc8 {[%emt 0:01:40]} 21. Nd2 {[%emt 0:05:11]} Rg8 {[%emt 0:01:48]} 22. g3 {[%emt 0:08:03]} Rc2 {[%emt 0:02:37]} 23. Rfe1 {[%emt 0:10:34]} Rxb2 {[%emt 0:02:41]} 24. Nb1 {[%emt 0:01:40]} Rb3 {[%emt 0:05:00]} 25. Rc1 {[%emt 0:04:57]} Re8 {[%emt 0:01:10]} 26. Nc3 {[%emt 0:00:26]} Be4 {[%emt 0:06:08]} 27. d5 {[%emt 0:02:36]} Kd7 {[%emt 0:00:40]} 28. Nxe4 {[%emt 0:11:19]} fxe4 {[%emt 0:00:06]} 29. Bxe7 {[%emt 0:00:30]} Rxe7 {[%emt 0:00:23]} 30. Rxe4 {[%emt 0:00:11]} Rxa3 {[%emt 0:01:29]} 31. d6 {[%emt 0:00:20]} Re8 {[%emt 0:00:13]} 32. Rc7+ {[%emt 0:00:13]} Ke6 {[%emt 0:00:11]} 33. Rxb7 {[%emt 0:00:43]} Ra5 {[%emt 0:01:26]} 34. f4 {[%emt 0:00:17]} Ra2 {[%emt 0:01:34]} 35. Re3 {[%emt 0:01:54]} Rc8 {[%emt 0:01:30]} 36. Re7+ {[%emt 0:00:24]} Kd5 {[%emt 0:00:22]} 37. Kf1 {[%emt 0:05:58]} Rc1+ {[%emt 0:00:31]} 38. Re1 {[%emt 0:00:11]} Rcc2 {[%emt 0:00:12]} 39. d7 {[%emt 0:02:15]} Rf2+ {[%emt 0:00:05]} 40. Kg1 {[%emt 0:00:00]} Rg2+ 1/2-1/2

[Event "IIFL Wealth  4th Mumbai Junior U-13"]
[Site "Mumbai"]
[Date "2019.01.06"]
[Round "8"]
[White "Akshit Jha"]
[Black "Aggarwal Vansh"]
[Result "1-0"]
[WhiteElo "1604"]
[BlackElo "1328"]
[Annotator "NA RC"]
[PlyCount "113"]
[EventDate "2018.12.30"]
[EventType "swiss"]
[EventCountry "IND"]
[SourceTitle "playchess.com"]
[Source "ChessBase"]
[SourceQuality "1"]
[TimeControl "40/5400+30:1800+30"]

1. e4 e5 2. Nf3 Nc6 3. Bc4 Nf6 4. d3 Be7 5. Nbd2 d6 6. Nf1 a6 7. Ng3 Na5 8. Bb3 Nxb3 9. axb3 h6 10. O-O O-O 11. d4 exd4 12. Nxd4 Re8 13. Re1 Bf8 14. f3 Be6 15. Be3 Bd7 16. Bf2 c6 17. Qd2 Qc7 18. Ndf5 Bxf5 19. Nxf5 d5 20. Bd4 Re6 21. e5 Nd7 22. f4 Rae8 23. Bf2 f6 24. Nd4 R6e7 25. e6 Nc5 26. f5 Ne4 27. Qe2 Rd8 28. Qf3 Ree8 29. Be3 Bd6 30. g3 Be5 31. c3 Kh8 32. Ne2 Re7 33. b4 Bd6 34. Nf4 Bxf4 35. Bxf4 Qb6+ 36. Kg2 Nd6 37. Be3 Qc7 38. Bc5 Ree8 39. Qf4 Nb5 40. Qh4 Nd6 41. Rf1 Ne4 42. Bd4 Re7 43. Qh5 Qc8 44. h4 Rf8 45. Qe2 Qc7 46. Qe3 Kg8 47. Rf4 Rfe8 48. Rg4 Kh8 49. Rg6 Rb8 50. Ba7 Rc8 51. Bb6 Qd6 52. Bd4 Qc7 53. g4 Rf8 54. Rh1 Kh7 55. g5 fxg5 56. hxg5 Rxf5 57. Rgxh6+ 1-0